| 000 | 01190nam a22002777a 4500 | ||
|---|---|---|---|
| 005 | 20120329105823.0 | ||
| 008 | 120329t xxu||||| |||| 00| 0 eng d | ||
| 010 | _aENG-104909 | ||
| 020 |
_a9788180548987 _c215.00 |
||
| 020 |
_a8180548988 _c215.00 |
||
| 035 | _aEN-88442 | ||
| 037 | _bDBAD / PUB | ||
| 040 |
_aDPL _bEng |
||
| 082 | _a658.022 | ||
| 100 |
_aGupta, C.B. _944492 |
||
| 245 |
_aEntrepreneurship and small business management / _cby C.B. Gupta [and] S.S. Khanka |
||
| 250 | _a5th rev. ed | ||
| 260 |
_aNew Delhi _bSultan Chand _c2012 |
||
| 270 |
_a23, Darya Ganj, _bNew Delhi _e110 002 |
||
| 300 |
_avarious pagings _c24cm(pbk ) |
||
| 700 |
_aKhanka, S.S. _944503 |
||
| 942 |
_adpl _cEN _2ddc _h658.022 _mGUP |
||
| 999 |
_c64493 _d64493 |
||